000
00311 a2200109 4500
001
ART_11300
005
20260410161856.0
008
260409a
245
1
0
_a
Libertad, conducta y responsabilidad
100
1
_a
Tagle, Manuel
773
0
_t
Revista de Economía
_g
- Nº 30 (sep. 1981)
_w
REV11077
999
_c
25443
_d
25443